00652 2200277 4500001002100000005001500021035002000036008004100056245003600097100002000133250000600153260003200159300002900191020002200220084001400242082000800256650001400264990001200278990001200290990001200302990001200314990001200326990001200338990001200350990001200362INLIS00000000000002720240502103309 a0010-0424000003240502 0 ind 1 aPPKN Kelas XI /cYusnawan Lubis aLubis, Yusnawan a1 aJakarta :bKEMDIKBUD,c2017 a228 hlm ;c17 cm x 25 cm a978-602-427-090-2 a370 YUS p a370 4aNon Fiksi a0737543 a0737544 a0737545 a0737546 a0737547 a0737548 a0737549 a0737550